000 00517cam a22001934a 4500
005 20250605164304.0
008 250528s ||||||||||||||||||||||||d
035 _a22200
020 _a9789601642246
040 _aGR-AtMCL
_bgre
_dGR-AtMCL
_eAACR2
245 1 _aΕΝΑΣ ΓΙΑ ΟΛΟΥΣ ΚΑΙ ΟΛΟΙ ΓΙΑ ΕΝΑΝ
250 _a1
260 _bΠατάκης,
_c2011
300 _a28
700 1 _aΒενιγκερ Μπριγκιττε
_98063
942 _cBK
999 _c7256
_d7256